Μετανάστευση και εκπαιδευτικές ανισότητες : η περίπτωση της Λέσβου : πτυχιακή εργασία

Αποθηκεύτηκε σε:
Λεπτομέρειες βιβλιογραφικής εγγραφής
Κύριος συγγραφέας: Γελαστού, Ερμιόνη
Συγγραφή απο Οργανισμό/Αρχή: Πανεπιστήμιο Αιγαίου Σχολή Κοινωνικών Επιστημών Τμήμα Κοινωνιολογίας
Μορφή: Thesis Βιβλίο
Γλώσσα:Greek
Δημοσίευση: 2006.
Θέματα:
Διαθέσιμο Online:http://hdl.handle.net/11610/7790
Ετικέτες: Προσθήκη ετικέτας
Δεν υπάρχουν, Καταχωρήστε ετικέτα πρώτοι!

MARC

LEADER 00000cam a2200000 i 4500
001 1/36898
008 061106s2006 gr | ||| |||| ||gre||
035 |l 10085939 
040 |a GR-MyUa  |b gre  |e AACR2 
041 0 |a gre 
082 7 |a 371.9675   |2 (22) 
100 1 |a Γελαστού, Ερμιόνη. 
245 1 0 |a Μετανάστευση και εκπαιδευτικές ανισότητες :   |b η περίπτωση της Λέσβου : πτυχιακή εργασία /   |c Γελαστού Ερμιόνη ; υπεύθυνος καθηγητής Δαφερμάκης Εμμανουήλ. 
260 |c 2006. 
300 |a 104 σ. :   |b πιν. ;   |c 30 εκ. 
500 |a Μέλος εξεταστικής επιτροπής: Αλεξίου Αθανάσιος. 
502 |a Πτυχιακή εργασία – Πανεπιστήμιο Αιγαίου, Λέσβος, 2006. 
504 |a Βιβλιογραφία: σ. 102-104. 
650 0 |a Discrimination in education  |z Greece  |z Lesbos (Municipality) 
650 0 |a Multicultural education  |z Greece  |z Lesbos (Municipality) 
650 0 |a Immigrants  |x Education  |z Greece  |z Lesbos (Municipality) 
650 0 |a Immigrants  |z Greece  |z Lesbos (Municipality) 
650 0 0 |a Dissertations, Academic  |z Greece. 
700 1 |a Δαφερμάκης, Εμμανουήλ,  |e dgs 
710 2 |a Πανεπιστήμιο Αιγαίου  |b Σχολή Κοινωνικών Επιστημών  |b Τμήμα Κοινωνιολογίας. 
852 |a INST  |b LESVOS  |c DIATR  |e 20061106  |h 267  |p 005100035155  |q 005100035155  |t DIE  |y 23 
852 |a INST  |b LESVOS  |c DIATR  |e 20061106  |h 268  |p 005100035154  |q 005100035154  |t DIE  |y 23 
856 |u http://hdl.handle.net/11610/7790 
901 |a BIBL1-2006-3 
924 |a ΓΕΛΑΣΤΟΥ  |b ΕΡΜΙΟΝΗ  |y Λέσβος  |z 2006-10 
970 |a ΜΑΡΙΝΑΤΟΥ  |b ΜΥΡΣΙΝΗ  |z 2006/11/06